000 01304cam a2200217 4500
001 WB4001-37
008 031223n2003 000 0 eng u
035 _a(Sirsi) u124685
245 _aHazardous waste management action plan published
260 _c2003
490 _aDEFRA News Release
_v(537/03) 19 December 2003 (2)
520 _aThe government's Hazardous Waste Forum has published an action plan that sets out key issues and actions that must be carried out to ensure the continued environmentally sound management of hazardous waste. It recommends clear, firm and fair enforcement of regulatory and legislative requirements, greater business awareness of waste minimisation and hazardous waste management issues, better information on the capacity requirements for treatment and disposal of hazardous waste and building on Waste Strategy 2000 to develop policy instruments and better data. The action plan is available at http://www.defra.gov.uk/environment/waste/hazforum/index.htm. http://www.defra.gov.uk/news/2003/031219b.htm
590 _aWB
650 _aHAZARDOUS WASTE
650 _aHAZARDOUS WASTE FORUM
650 _aWASTE MINIMISATION
650 _aLANDFILL
650 _aWASTE STRATEGY 2000
690 _aENVIRONMENTAL AND LAND CONSULTANCY-WASTE MANAGEMENT
942 _n0
999 _c73998
_d73998